[Event "Augustow op-A"]
[Site "Augustow"]
[Date "1996.??.??"]
[Round "?"]
[White "Morchat, Miroslaw"]
[Black "Flis, Pawel"]
[Result "1/2-1/2"]
[WhiteElo "2270"]
[BlackElo "2120"]
[PlyCount "90"]
[EventDate "1996.??.??"]
[EventType "swiss"]
[EventRounds "9"]
[EventCountry "POL"]
[SourceTitle "EXT 2003"]
[Source "ChessBase"]
[SourceDate "2002.11.25"]
[SourceVersion "1"]
[SourceVersionDate "2002.11.25"]
[SourceQuality "1"]

1. d4 Nf6 2. c4 c5 3. d5 b5 4. cxb5 a6 5. bxa6 Bxa6 6. Nc3 g6 7. e4 Bxf1 8. Kxf1 d6 9. g3 Bg7 10. Kg2 0-0 11. Nf3 Nbd7 12. h3 Nb6 13. Re1 Nfd7 14. Re2 Nc4 15. Qc2 Qa5 16. Nd1 Qa6 17. Ne3 Nde5 18. Nxe5 Nxe5 19. a3 Rfb8 20. Rb1 Qd3 21. f4 Qxc2 22. Rxc2 Nd3 23. Bd2 Nxb2 24. Bc3 Na4 25. Rxb8+ Rxb8 26. Bxg7 Kxg7 27. Nc4 Rb3 28. e5 dxe5 29. fxe5 Nb6 30. Nxb6 Rxb6 31. Rxc5 Rb2+ 32. Kf3 Rb3+ 33. Kf4 Rxa3 34. Rc7 Ra4+ 35. Ke3 Ra3+ 36. Kd4 Rxg3 37. Rxe7 Kf8 38. d6 Rxh3 39. Ra7 Rh1 40. Ra8+ Kg7 41. Kc5 Rc1+ 42. Kd5 Rd1+ 43. Kc6 Rc1+ 44. Kb6 Rb1+ 45. Kc6 Rc1+ 1/2-1/2

[Event "Augustow op-A"]
[Site "Augustow"]
[Date "1996.??.??"]
[Round "?"]
[White "Morchat, Miroslaw"]
[Black "Lewandowski, Rafal"]
[Result "1/2-1/2"]
[WhiteElo "2270"]
[BlackElo "2165"]
[PlyCount "38"]
[EventDate "1996.??.??"]
[EventType "swiss"]
[EventRounds "9"]
[EventCountry "POL"]
[SourceTitle "EXT 2003"]
[Source "ChessBase"]
[SourceDate "2002.11.25"]
[SourceVersion "1"]
[SourceVersionDate "2002.11.25"]
[SourceQuality "1"]

1. d4 d5 2. c4 e6 3. Nc3 c5 4. e3 Nf6 5. Nf3 Nc6 6. a3 a6 7. dxc5 Bxc5 8. b4 Bd6 9. Bb2 0-0 10. Qc2 Qe7 11. Rd1 dxc4 12. Bxc4 b5 13. Bd3 Ne5 14. Nxe5 Bxe5 15. Ne4 Bxb2 16. Qxb2 Nxe4 17. Bxe4 Bb7 18. Bxb7 Qxb7 19. 0-0 Rfd8 1/2-1/2

[Event "POL-chT 51st"]
[Site "Lubniewice"]
[Date "1995.09.??"]
[Round "3"]
[White "Morchat, Miroslaw"]
[Black "Spisak, Czeslaw"]
[Result "1-0"]
[WhiteElo "2240"]
[BlackElo "2335"]
[PlyCount "77"]
[EventDate "1995.09.14"]
[EventType "team-tourn"]
[EventRounds "11"]
[EventCountry "POL"]
[SourceTitle "EXT 2019"]
[Source "ChessBase"]
[SourceDate "2018.10.10"]
[SourceVersion "1"]
[SourceVersionDate "2018.10.10"]
[SourceQuality "1"]
[WhiteTeam "Suwalki Hancza"]
[BlackTeam "Bielsko-Biala Wlokniarz"]
[WhiteTeamCountry "POL"]
[BlackTeamCountry "POL"]

1. d4 Nf6 2. c4 g6 3. Nc3 Bg7 4. e4 d6 5. Be2 0-0 6. Bg5 c5 7. d5 h6 8. Bf4 a6 9. a4 Qa5 10. Bd2 Qd8 11. Nf3 e6 12. 0-0 exd5 13. exd5 Bg4 14. h3 Bxf3 15. Bxf3 Nbd7 16. Qc2 Nh7 17. Rae1 b6 18. Be2 Re8 19. Kh2 Bd4 20. Ne4 Ng5 21. Ng3 h5 22. f4 h4 23. Nf5 Ne4 24. Nxd4 cxd4 25. f5 g5 26. f6 Ndxf6 27. Bd3 Ng3 28. Rxe8+ Nxe8 29. Bh7+ Kg7 30. Rxf7+ Kxf7 31. Qg6+ Kf8 32. Qg8+ Ke7 33. Bxg5+ Kd7 34. Qe6+ Kc7 35. Bxd8+ Rxd8 36. Qe7+ Rd7 37. Qxe8 Rxh7 38. Qe6 Kd8 39. Qg8+ 1-0

[Event "POL-chT 51st"]
[Site "Lubniewice"]
[Date "1995.09.??"]
[Round "5"]
[White "Weglarz, Leszek"]
[Black "Morchat, Miroslaw"]
[Result "1/2-1/2"]
[WhiteElo "2300"]
[BlackElo "2240"]
[PlyCount "33"]
[EventDate "1995.09.14"]
[EventType "team-tourn"]
[EventRounds "11"]
[EventCountry "POL"]
[SourceTitle "EXT 2019"]
[Source "ChessBase"]
[SourceDate "2018.10.10"]
[SourceVersion "1"]
[SourceVersionDate "2018.10.10"]
[SourceQuality "1"]
[WhiteTeam "Poznan Pocztowiec"]
[BlackTeam "Suwalki Hancza"]
[WhiteTeamCountry "POL"]
[BlackTeamCountry "POL"]

1. e4 c5 2. Nf3 Nc6 3. Bb5 g6 4. 0-0 Bg7 5. Re1 Nf6 6. Nc3 0-0 7. d4 cxd4 8. Nxd4 Nxd4 9. Qxd4 d6 10. Bg5 Be6 11. Qd2 Rc8 12. Rad1 a6 13. Bf1 Qb6 14. Na4 Qc6 15. Nc3 Qb6 16. Na4 Qc6 17. Nc3 1/2-1/2

[Event "Polanica Zdroj op"]
[Site "Polanica Zdroj"]
[Date "1995.??.??"]
[Round "4"]
[White "Morchat, Miroslaw"]
[Black "Gritsak, Orest"]
[Result "0-1"]
[WhiteElo "2240"]
[BlackElo "2365"]
[PlyCount "72"]
[EventDate "1995.08.??"]
[EventType "swiss"]
[EventRounds "10"]
[EventCountry "POL"]
[SourceTitle "EXT 1997"]
[Source "ChessBase"]
[SourceDate "1996.11.15"]
[SourceVersion "1"]
[SourceVersionDate "1996.11.15"]
[SourceQuality "1"]

1. d4 d6 2. c4 e5 3. dxe5 dxe5 4. Qxd8+ Kxd8 5. Nc3 Be6 6. b3 Nd7 7. Nf3 f6 8. Bb2 c6 9. 0-0-0 Kc7 10. h3 h5 11. Rg1 a5 12. e3 Nc5 13. g4 hxg4 14. hxg4 Nh6 15. g5 Ng4 16. Rg2 e4 17. Nd4 Bc8 18. gxf6 gxf6 19. Be2 Ne5 20. Kc2 Ned3 21. Ba1 a4 22. Bxd3 exd3+ 23. Kb1 axb3 24. axb3 Bd6 25. b4 Ne6 26. c5 Be5 27. Bb2 Nxd4 28. exd4 Bxd4 29. Ne4 Ra4 30. Bxd4 Rxb4+ 31. Bb2 Rxe4 32. Bxf6 Rf8 33. Bc3 Rf3 34. Kb2 Re2+ 35. Kb3 Be6+ 36. Kb4 Rf4+ 0-1

[Event "Polanica Zdroj op"]
[Site "Polanica Zdroj"]
[Date "1995.??.??"]
[Round "2"]
[White "Stripunsky, Alexander"]
[Black "Morchat, Miroslaw"]
[Result "1-0"]
[WhiteElo "2495"]
[BlackElo "2240"]
[PlyCount "92"]
[EventDate "1995.08.??"]
[EventType "swiss"]
[EventRounds "10"]
[EventCountry "POL"]
[SourceTitle "EXT 1997"]
[Source "ChessBase"]
[SourceDate "1996.11.15"]
[SourceVersion "1"]
[SourceVersionDate "1996.11.15"]
[SourceQuality "1"]

1. e4 c5 2. Nf3 Nc6 3. d4 cxd4 4. Nxd4 Nf6 5. Nc3 e5 6. Ndb5 d6 7. Bg5 a6 8. Na3 b5 9. Nd5 Be7 10. Bxf6 Bxf6 11. c3 Ne7 12. Nxf6+ gxf6 13. g3 Bb7 14. Bg2 f5 15. Qe2 0-0 16. Nc2 fxe4 17. Bxe4 Bxe4 18. Qxe4 f5 19. Qe2 Qb6 20. 0-0-0 a5 21. Ne3 b4 22. c4 b3 23. a3 Rac8 24. Kb1 f4 25. Qg4+ Kh8 26. gxf4 exf4 27. Rhg1 Ng6 28. Nf5 Qxf2 29. Rg2 Qc5 30. Nxd6 Rc7 31. Qf3 Qe3 32. Rf2 Qxf3 33. Rxf3 a4 34. Re1 Nh4 35. Rf2 f3 36. Kc1 Rd8 37. Rd1 Rdd7 38. Rd5 Rg7 39. c5 Rg2 40. Ne4 Re7 41. Rd4 Rxe4 42. Rxe4 Rxf2 43. Rxh4 Re2 44. Kd1 f2 45. Rf4 Rxb2 46. c6 f1Q+ 1-0

[Event "POL-chT 47th"]
[Site "Mikolajki"]
[Date "1991.09.??"]
[Round "3"]
[White "Kujawski, Adam"]
[Black "Morchat, Miroslaw"]
[Result "1-0"]
[WhiteElo "2305"]
[BlackElo "2240"]
[PlyCount "105"]
[EventDate "1991.09.20"]
[EventType "team-swiss"]
[EventRounds "9"]
[EventCountry "POL"]
[SourceTitle "EXT 2019"]
[Source "ChessBase"]
[SourceDate "2018.10.10"]
[SourceVersion "1"]
[SourceVersionDate "2018.10.10"]
[SourceQuality "1"]
[WhiteTeam "Warszawa Polonia"]
[BlackTeam "Suwalki Hancza"]
[WhiteTeamCountry "POL"]
[BlackTeamCountry "POL"]

1. e4 c5 2. Nf3 Nc6 3. d4 cxd4 4. Nxd4 Nf6 5. Nc3 e5 6. Ndb5 d6 7. Bg5 a6 8. Na3 b5 9. Nd5 Be7 10. Bxf6 Bxf6 11. c3 Ne7 12. Nc2 Nxd5 13. Qxd5 Rb8 14. Qd3 0-0 15. Nb4 Bb7 16. Be2 g6 17. 0-0 Bg5 18. Rad1 a5 19. Nd5 Ba8 20. Bg4 Kh8 21. Bh3 b4 22. c4 a4 23. b3 Bc6 24. Kh1 axb3 25. axb3 Qa5 26. Qg3 h6 27. Qd3 Qc5 28. g3 Ra8 29. f4 exf4 30. gxf4 Bh4 31. Qe2 Bxd5 32. Rxd5 Qc7 33. Qd2 Qe7 34. Bg2 Rfd8 35. Qxb4 Ra2 36. Rd2 Ra7 37. e5 dxe5 38. Rxd8+ Qxd8 39. fxe5 Kg7 40. Bd5 Qg5 41. e6 f5 42. Qc3+ Kh7 43. Ra1 Rg7 44. b4 Bf2 45. Qe5 Qh4 46. b5 f4 47. Rb1 Bb6 48. Bf3 Re7 49. Qd6 Bc7 50. Qc5 Rg7 51. b6 Bb8 52. Qd5 Qf2 53. c5 1-0

[Event "POL-chT 47th"]
[Site "Mikolajki"]
[Date "1991.09.??"]
[Round "8"]
[White "Morchat, Miroslaw"]
[Black "Mulet, Piotr"]
[Result "1-0"]
[WhiteElo "2240"]
[BlackElo "2275"]
[PlyCount "96"]
[EventDate "1991.09.20"]
[EventType "team-swiss"]
[EventRounds "9"]
[EventCountry "POL"]
[SourceTitle "EXT 2019"]
[Source "ChessBase"]
[SourceDate "2018.10.10"]
[SourceVersion "1"]
[SourceVersionDate "2018.10.10"]
[SourceQuality "1"]
[WhiteTeam "Suwalki Hancza"]
[BlackTeam "Katowice Kolejarz"]
[WhiteTeamCountry "POL"]
[BlackTeamCountry "POL"]

1. d4 Nf6 2. c4 g6 3. Nc3 d5 4. cxd5 Nxd5 5. e4 Nxc3 6. bxc3 Bg7 7. Bc4 0-0 8. Ne2 c5 9. 0-0 Nc6 10. Be3 Bg4 11. f3 Na5 12. Bd3 Bd7 13. d5 Rc8 14. Qd2 e6 15. Bg5 Qc7 16. Bf4 e5 17. Be3 b5 18. Rab1 a6 19. f4 exf4 20. Bxf4 Be5 21. Bxe5 Qxe5 22. Qf4 Qxf4 23. Rxf4 f6 24. Ng3 Nb7 25. a4 Nd6 26. axb5 axb5 27. Ra1 Rb8 28. Ra6 Ne8 29. Ra7 Bc8 30. e5 Rf7 31. Rxf7 Kxf7 32. Ne4 c4 33. Nxf6 Nxf6 34. Rxf6+ Kg7 35. Be4 Bf5 36. Bxf5 gxf5 37. Rc6 Re8 38. Rc7+ Kg6 39. e6 Kf6 40. Rb7 Ra8 41. Rxb5 Ra3 42. Rb7 Rxc3 43. Rf7+ Kg6 44. d6 Rd3 45. Rd7 c3 46. e7 Kf7 47. Rd8 c2 48. e8Q+ Kg7 1-0

[Event "Augustow"]
[Site "Augustow"]
[Date "1989.??.??"]
[Round "8"]
[White "Ostrowski, Leszek"]
[Black "Morchat, Miroslaw"]
[Result "1-0"]
[WhiteElo "2380"]
[BlackElo "2285"]
[PlyCount "71"]
[EventDate "1989.??.??"]
[EventType "tourn"]
[EventRounds "11"]
[EventCountry "POL"]
[SourceTitle "EXT 1999"]
[Source "ChessBase"]
[SourceDate "1998.11.16"]
[SourceVersion "1"]
[SourceVersionDate "1998.11.16"]
[SourceQuality "1"]

1. d4 Nf6 2. c4 c5 3. d5 e6 4. Nc3 exd5 5. cxd5 d6 6. e4 g6 7. Nf3 Bg7 8. h3 0-0 9. Bd3 a6 10. a4 Nh5 11. 0-0 Nd7 12. Bg5 Qc7 13. Qd2 Rb8 14. Rac1 Re8 15. Rfe1 Qa5 16. g4 Nhf6 17. Bf4 Ne5 18. Nxe5 dxe5 19. Be3 Bd7 20. b3 Rec8 21. Nd1 Qd8 22. Rxc5 Rxc5 23. Bxc5 Ne8 24. f3 Qh4 25. Kg2 Bh6 26. Qf2 Qd8 27. Bb6 Qf6 28. Ne3 Bg5 29. Rd1 Bh4 30. Qg1 Qf4 31. Qh2 Qg5 32. Nc4 h5 33. Qxe5 hxg4 34. hxg4 f5 35. Qxb8 fxg4 36. f4 1-0